01574nab a22002897a 4500003000400000005001700004008004100021040000700062100003200069245016400101260007300265300001500338500007000353505027900423505013200702505008900834650002900923650002300952650003100975650001501006650001401021650001301035650002801048650003901076650003701115773013201152OSt20251226213122.0190603e xxum|||| |||| 00| 0 spa d cPJ a Rodríguez, Jorgelina L. 10aCompensación económica. Cuantiosa suma para una abogada que postergó su crecimiento profesional en pos del proyecto familiar /cJorgelina L. Rodríguez. cCiudad Autónoma de Buenos Aires :aThomson Reuters La Ley, b2025. ap. 164-172 aCita: TR LALEY AR/DOC/431/2025 Publicado en: RCCyC 2025 (junio). aSumario: I. Introducción.— II. Compensación económica.— III. Los hechos del caso y la sentencia de primera instancia.— IV. Procedencia y cuantificación de la compensación económica en el fallo bajo análisis. "Mirada hacia el futuro".— V. Conclusión.  aFallo comentado: CApel. Comodoro Rivadavia ~ 07/11/2024 ~ R. C. c. H., N. A. s/ determinación de compensación económica. t¿Te interesa el texto completo? Solicitalo al correo: koha@justierradelfuego.gov.ar 0aCODIGO CIVIL Y COMERCIAL 0aDERECHO DE FAMILIA 0aCOMPENSACIÓN ECONÓMICA 0aMATRIMONIO 0aCÓNYUGE 0aDIVORCIO 0aPERSPECTIVA DE GÉNERO 0aDISOLUCION DE LA SOCIEDAD CONYUGAL 0aRÉGIMEN DE COMUNIDAD DE BIENES0 02713dCiudad Autónoma de Buenos Aires : Thomson Reuters La Ley, 2015-tRevista Código Civil y Comercial. Nº 3 - Junio 2025